[Event "Paracin 2018"]
[Site "Paracin, Hotel Petrus"]
[Date "2018.07.07"]
[Round "2.32"]
[White "Fernandez, Daniel Howard"]
[Black "Sultan, Ibrahim"]
[Result "1-0"]
[WhiteElo "2477"]
[BlackElo "2126"]
[PlyCount "141"]
[EventDate "2018.07.06"]

1. d4 d5 2. Nf3 Nf6 3. c4 e6 4. Bg5 Be7 5. cxd5 exd5 6. e3 c6 7. Nc3 Bf5 8. Bd3
Bxd3 9. Qxd3 Nbd7 10. O-O O-O 11. Bh4 Re8 12. Qc2 Nh5 13. Bg3 Nxg3 14. hxg3 Bd6
15. e4 dxe4 16. Nxe4 Nf6 17. Nc3 Qa5 18. Rad1 Rad8 19. Qb3 Qb6 20. Qc4 Qb4 21.
Ne5 Qxc4 22. Nxc4 Bc7 23. Rd3 Re7 24. Rfd1 Red7 25. Kf1 Kf8 26. Ke2 Nd5 27.
Nxd5 Rxd5 28. Ne3 Rb5 29. b3 Bb6 30. a4 Rg5 31. g4 Rg6 32. b4 a6 33. Nc4 Bc7
34. f3 Re6+ 35. Re3 Rxe3+ 36. Nxe3 Bb6 37. Nc2 Ke7 38. Kd3 Ba7 39. f4 Rd7 40.
g5 h6 41. gxh6 gxh6 42. Rh1 Rd6 43. Rh5 Kf8 44. Ke4 Kg7 45. Re5 Kf8 46. g4 Bb6
47. Kd3 Bc7 48. Re4 Rf6 49. Ke3 Bb6 50. Na1 Rg6 51. Kf3 Rd6 52. Nb3 Rd7 53. Re5
Rd6 54. Re4 Rd5 55. Ke3 Rd7 56. Re5 Rd6 57. b5 cxb5 58. axb5 a5 59. Nc5 a4 60.
Kd3 a3 61. Kc4 Bxc5 62. Kxc5 Re6 63. Rh5 b6+ 64. Kd5 Re1 65. Rh2 Rb1 66. Kc6
Rb2 67. Rxh6 Kg7 68. Rh3 a2 69. Ra3 Rd2 70. d5 Kf6 71. Kxb6 1-0

[Event "Paracin 2018"]
[Site "Paracin, Hotel Petrus"]
[Date "2018.07.07"]
[Round "2.33"]
[White "Shoboev, Dandar"]
[Black "Milanovic, Danilo"]
[Result "1/2-1/2"]
[WhiteElo "2086"]
[BlackElo "2471"]
[PlyCount "48"]
[EventDate "2018.07.06"]

1. d4 Nf6 2. Nf3 c5 3. d5 g6 4. Nc3 Bg7 5. e4 d6 6. Be2 O-O 7. O-O Na6 8. Nd2
Nc7 9. a4 b6 10. Re1 Bb7 11. Nc4 Qd7 12. Bg5 Rad8 13. Qd2 Ba6 14. Rad1 Rfe8 15.
h3 Qc8 16. f4 Qb7 17. b3 Qb8 18. Bf3 Bb7 19. Qf2 Ba8 20. Ne2 h6 21. Bh4 a6 22.
Ne3 b5 23. axb5 axb5 24. c4 Nh7 1/2-1/2

[Event "Paracin 2018"]
[Site "Paracin, Hotel Petrus"]
[Date "2018.07.07"]
[Round "2.34"]
[White "Atakisi, Umut"]
[Black "Horton, Jamie A"]
[Result "1-0"]
[WhiteElo "2390"]
[BlackElo "2189"]
[PlyCount "93"]
[EventDate "2018.07.06"]

1. Nf3 Nf6 2. c4 e6 3. g3 d5 4. Bg2 Be7 5. d4 O-O 6. O-O b6 7. Nc3 Bb7 8. Ne5
Nbd7 9. Qa4 c6 10. Nxc6 Bxc6 11. Qxc6 Rc8 12. Qa4 Rxc4 13. Qxa7 Rxd4 14. b3 Rg4
15. Bb2 Qa8 16. Qxa8 Rxa8 17. e4 dxe4 18. h3 Rg5 19. Nxe4 Nxe4 20. Bxe4 Ra7 21.
Rfd1 Bf6 22. Bxf6 gxf6 23. a4 Rc5 24. Bd3 Rc3 25. b4 f5 26. Bb5 Nf6 27. Rac1
Nd5 28. Rxc3 Nxc3 29. Rd8+ Kg7 30. Rb8 Nxb5 31. axb5 Ra4 32. Rxb6 Rxb4 33. Kg2
Rb3 34. Rb8 h5 35. b6 Kf6 36. h4 Kg7 37. Kf1 Rb2 38. Ke1 Kf6 39. Kd1 f4 40. Kc1
Rxf2 41. b7 Rf1+ 42. Kc2 Rf2+ 43. Kc3 Rf3+ 44. Kc4 Rf1 45. Rg8 Rb1 46. b8=Q
Rxb8 47. Rxb8 1-0

[Event "Paracin 2018"]
[Site "Paracin, Hotel Petrus"]
[Date "2018.07.07"]
[Round "2.35"]
[White "Brankovic, Dejan"]
[Black "Eswaran, Ashritha"]
[Result "1/2-1/2"]
[WhiteElo "2377"]
[BlackElo "2092"]
[PlyCount "70"]
[EventDate "2018.07.06"]

1. e4 c5 2. Nf3 d6 3. Bb5+ Nd7 4. d4 cxd4 5. Qxd4 a6 6. Bxd7+ Bxd7 7. Nc3 e5 8.
Qd3 h6 9. a4 Nf6 10. O-O Be7 11. Be3 O-O 12. a5 Be6 13. Bb6 Qc8 14. Rfd1 Nd7
15. Nd5 Bxd5 16. Qxd5 Nf6 17. Qd3 Qc6 18. Re1 Rac8 19. c3 Bd8 20. Bxd8 Rfxd8
21. Qe3 Qc5 22. Ra4 d5 23. exd5 Rxd5 24. h3 Qc6 25. Rb4 Rxa5 26. Rb6 Qd7 27.
Rxf6 gxf6 28. Nh4 f5 29. Qxh6 Rc6 30. Qg5+ Kf8 31. Nxf5 Rg6 32. Qh5 Kg8 33. Rd1
Qe8 34. Qh4 f6 35. Qc4+ Kh8 1/2-1/2

[Event "Paracin 2018"]
[Site "Paracin, Hotel Petrus"]
[Date "2018.07.07"]
[Round "2.36"]
[White "Raja, Rithvik R"]
[Black "Stanojevic, Ilija"]
[Result "1-0"]
[WhiteElo "2343"]
[BlackElo "2120"]
[PlyCount "55"]
[EventDate "2018.07.06"]

1. d4 d5 2. c4 dxc4 3. e3 e5 4. Bxc4 exd4 5. exd4 Bd6 6. Nf3 Nf6 7. O-O O-O 8.
h3 Nc6 9. Nc3 h6 10. Qc2 Nb4 11. Qb1 Be6 12. Bxe6 fxe6 13. Re1 Qd7 14. Bd2 Rae8
15. a3 Nbd5 16. Qc2 c6 17. Nh4 Nxc3 18. bxc3 Nd5 19. c4 Ne7 20. Bc3 Rf4 21. Ng6
Nxg6 22. Qxg6 Rf6 23. Qg4 Qf7 24. Ra2 Rf4 25. Qe2 Qf5 26. a4 a6 27. c5 Bb8 28.
Rb2 1-0

[Event "Paracin 2018"]
[Site "Paracin, Hotel Petrus"]
[Date "2018.07.07"]
[Round "2.37"]
[White "Ninov, Dayan"]
[Black "Eric, Jovana"]
[Result "0-1"]
[WhiteElo "2229"]
[BlackElo "2342"]
[PlyCount "75"]
[EventDate "2018.07.06"]

1. e4 g6 2. d4 Bg7 3. c4 d6 4. Nc3 Nd7 5. Be3 e5 6. d5 Nh6 7. h4 Nf6 8. f3 Nh5
9. Qd2 Ng8 10. g4 Ng3 11. Rh2 Nxf1 12. Kxf1 h5 13. g5 Ne7 14. Nh3 O-O 15. Ke2
c6 16. Rd1 cxd5 17. cxd5 Bd7 18. Nf2 b5 19. Nd3 a5 20. a3 Nc8 21. b3 Nb6 22.
Rc1 Qb8 23. Ke1 a4 24. Qf2 Nc8 25. b4 f6 26. gxf6 Rxf6 27. Rg2 Kh7 28. Qg3 Be8
29. Nd1 Qb7 30. Rgc2 Rf7 31. N3f2 Nb6 32. Nb2 Rc8 33. Nh3 Rfc7 34. Ng5+ Kg8 35.
Qf2 Nc4 36. Nxc4 Rxc4 37. Rxc4 bxc4 38. Kd2 0-1

[Event "Paracin 2018"]
[Site "Paracin, Hotel Petrus"]
[Date "2018.07.07"]
[Round "2.38"]
[White "Becker, Marcel"]
[Black "Bojicic, Andjela"]
[Result "1/2-1/2"]
[WhiteElo "2330"]
[BlackElo "2028"]
[PlyCount "88"]
[EventDate "2018.07.06"]

1. d4 Nf6 2. c4 g6 3. Nc3 Bg7 4. e4 d6 5. Be2 O-O 6. Bg5 c5 7. dxc5 Qa5 8. Bd2
Qxc5 9. Nf3 Qb6 10. Rb1 Nc6 11. O-O Bg4 12. Be3 Qd8 13. h3 Bxf3 14. Bxf3 Nd7
15. Qd2 Rc8 16. b3 Nc5 17. Rfc1 h5 18. g3 a6 19. Bg2 Ne6 20. Ne2 b5 21. cxb5
axb5 22. f4 Nb8 23. Nc3 Nc7 24. Nd5 Nxd5 25. exd5 Qd7 26. Bd4 Qf5 27. h4 Nd7
28. Bxg7 Kxg7 29. Qe2 Ra8 30. Rb2 Qf6 31. Rd2 b4 32. Qb5 Nc5 33. Qxb4 Qf5 34.
Qd4+ Kh7 35. Kh2 Qd7 36. b4 Ra4 37. Qc3 Na6 38. a3 Qa7 39. Qb3 Nb8 40. Rc3 Nd7
41. Rdd3 Nf6 42. Rf3 Ng4+ 43. Kh1 Nf2+ 44. Kh2 Ng4+ 1/2-1/2

[Event "Paracin 2018"]
[Site "Paracin, Hotel Petrus"]
[Date "2018.07.07"]
[Round "2.39"]
[White "Avalyan, Artur"]
[Black "Saksham, Rautela"]
[Result "1/2-1/2"]
[WhiteElo "2315"]
[BlackElo "2064"]
[PlyCount "51"]
[EventDate "2018.07.06"]

1. d4 Nf6 2. c4 c5 3. d5 e6 4. Nc3 exd5 5. cxd5 d6 6. e4 g6 7. f4 Bg7 8. Bb5+
Nfd7 9. Be2 O-O 10. Nf3 Na6 11. O-O Nc7 12. Nd2 Qe7 13. a4 b6 14. Re1 Re8 15.
Nc4 Ba6 16. e5 Bxc4 17. Bxc4 Qd8 18. e6 Nf8 19. f5 Qf6 20. Ne4 Qd4+ 21. Qxd4
Bxd4+ 22. Be3 Be5 23. Rf1 gxf5 24. Rxf5 fxe6 25. Rxe5 dxe5 26. Nf6+ 1/2-1/2

[Event "Paracin 2018"]
[Site "Paracin, Hotel Petrus"]
[Date "2018.07.07"]
[Round "2.40"]
[White "Dimitrov, Vladimir"]
[Black "Terziev, Dimo"]
[Result "1-0"]
[WhiteElo "2308"]
[BlackElo "2016"]
[PlyCount "81"]
[EventDate "2018.07.06"]

1. d4 g6 2. c4 Bg7 3. Nc3 Nf6 4. e4 d6 5. h3 O-O 6. Be3 e5 7. d5 Nbd7 8. g4 Nc5
9. f3 a5 10. h4 Nfd7 11. h5 Re8 12. Qd2 Nf8 13. O-O-O b6 14. Kb1 f6 15. Nge2 g5
16. Ng3 Bh6 17. Be2 Nfd7 18. b3 Nb8 19. Qb2 Bd7 20. Rd2 Nba6 21. Rc1 Nb4 22. a3
Nba6 23. b4 axb4 24. axb4 Nb7 25. Na2 Bf8 26. Rc3 Nb8 27. Ra3 Rxa3 28. Qxa3 Qc8
29. Nc3 Rd8 30. Ra2 Re8 31. Qa8 Nd8 32. Ra7 Nf7 33. Kb2 c5 34. b5 Be7 35. Na4
Bd8 36. Qb7 Qxb7 37. Rxb7 Bc8 38. Rxb8 Bc7 39. Rxb6 Bxb6 40. Nxb6 Kf8 41. Bd3
1-0

[Event "Paracin 2018"]
[Site "Paracin, Hotel Petrus"]
[Date "2018.07.07"]
[Round "2.41"]
[White "Kecskemeti, Arpad"]
[Black "Petrovic, Zoran Z"]
[Result "1/2-1/2"]
[WhiteElo "2297"]
[BlackElo "2025"]
[PlyCount "48"]
[EventDate "2018.07.06"]

1. e4 c6 2. d4 d5 3. e5 Bf5 4. h4 h5 5. c4 e6 6. Nc3 Ne7 7. a3 Nd7 8. c5 b6 9.
b4 a5 10. Bd2 axb4 11. axb4 b5 12. Be2 Bg6 13. Rh3 Nf5 14. Nf3 Be7 15. Bg5 f6
16. exf6 gxf6 17. Bf4 Kf7 18. Bd3 Rxa1 19. Qxa1 Qa8 20. Qb2 Qa6 21. Kd2 Ra8 22.
Rh1 Qa3 23. Rb1 Qxb2+ 24. Rxb2 Bf8 1/2-1/2

[Event "Paracin 2018"]
[Site "Paracin, Hotel Petrus"]
[Date "2018.07.07"]
[Round "2.42"]
[White "Savanovic, Vuk"]
[Black "Todorov, Kaloyan"]
[Result "1-0"]
[WhiteElo "2294"]
[BlackElo "1977"]
[PlyCount "51"]
[EventDate "2018.07.06"]

1. e4 e5 2. Nf3 Nc6 3. Nc3 Nf6 4. Bb5 Bd6 5. d3 h6 6. h3 a6 7. Ba4 Qe7 8. g4 b5
9. Bb3 Na5 10. Ne2 Nxb3 11. axb3 Bc5 12. Ng3 d6 13. Qe2 Nh7 14. Nf5 Bxf5 15.
gxf5 Nf8 16. Be3 g6 17. d4 exd4 18. Bxd4 Rg8 19. f6 Qe6 20. Bxc5 dxc5 21. e5
Qc6 22. O-O-O a5 23. e6 Nxe6 24. Ne5 Qb6 25. Rd7 a4 26. Rhd1 1-0

[Event "Paracin 2018"]
[Site "Paracin, Hotel Petrus"]
[Date "2018.07.07"]
[Round "2.43"]
[White "Yordanov, Lachezar"]
[Black "Demirag, Gokhan"]
[Result "1/2-1/2"]
[WhiteElo "2290"]
[BlackElo "1855"]
[PlyCount "40"]
[EventDate "2018.07.06"]

1. d4 Nf6 2. c4 e6 3. g3 c5 4. d5 d6 5. Nc3 exd5 6. cxd5 g6 7. Bg2 Bg7 8. Nf3
O-O 9. O-O a6 10. a4 Nbd7 11. Nd2 Qe7 12. Nc4 Ne5 13. Nb6 Rb8 14. a5 Ned7 15.
Nca4 Nxb6 16. Nxb6 Nd7 17. Nc4 Ne5 18. Nb6 Nd7 19. Nc4 Ne5 20. Nb6 Nd7 1/2-1/2

[Event "Paracin 2018"]
[Site "Paracin, Hotel Petrus"]
[Date "2018.07.07"]
[Round "2.44"]
[White "Matovic, Mihajlo Z"]
[Black "Farkas, Sandor I"]
[Result "1-0"]
[WhiteElo "2256"]
[BlackElo "1998"]
[PlyCount "61"]
[EventDate "2018.07.06"]

1. Nf3 Nf6 2. g3 g6 3. b3 Bg7 4. Bb2 O-O 5. Bg2 c5 6. c4 Nc6 7. O-O d5 8. cxd5
Nxd5 9. Bxg7 Kxg7 10. Qc1 Qd6 11. Nc3 b6 12. Nxd5 Qxd5 13. d4 Bb7 14. dxc5 Qxc5
15. Qxc5 bxc5 16. Rfc1 Nd4 17. Nxd4 Bxg2 18. Rxc5 Bh3 19. f3 Rfd8 20. Nc6 Rd2
21. Kf2 h5 22. Ke3 Rd6 23. Rac1 Bd7 24. Ne5 Re6 25. Kf2 Rd8 26. Rd5 Rc8 27.
Rxc8 Bxc8 28. Rc5 Bb7 29. Nc4 Rc6 30. Rxc6 Bxc6 31. e4 1-0

[Event "Paracin 2018"]
[Site "Paracin, Hotel Petrus"]
[Date "2018.07.07"]
[Round "2.45"]
[White "Ivic, Velimir"]
[Black "Pajcin, Lav"]
[Result "1-0"]
[WhiteElo "2432"]
[BlackElo "2130"]
[PlyCount "59"]
[EventDate "2018.07.06"]

1. e4 e5 2. Nf3 Nc6 3. Bb5 a6 4. Ba4 Nf6 5. O-O Be7 6. d3 b5 7. Bb3 d6 8. c3
O-O 9. Re1 Na5 10. Bc2 c5 11. Nbd2 Bb7 12. Nf1 Qc7 13. Ng3 g6 14. Bg5 Nc6 15.
Qd2 Nb8 16. d4 cxd4 17. cxd4 Nbd7 18. Bb3 Rac8 19. Bh6 Rfe8 20. Ng5 d5 21. exd5
Bd6 22. dxe5 Nxe5 23. N5e4 Nfd7 24. Nxd6 Qxd6 25. Ne4 Qb8 26. Qd4 f6 27. d6+
Kh8 28. Nxf6 Nxf6 29. Rxe5 Red8 30. Re8+ 1-0

[Event "Paracin 2018"]
[Site "Paracin, Hotel Petrus"]
[Date "2018.07.07"]
[Round "2.46"]
[White "Lajthajm, Borko"]
[Black "Kolbert, Engelbert"]
[Result "1-0"]
[WhiteElo "2422"]
[BlackElo "2124"]
[PlyCount "43"]
[EventDate "2018.07.06"]

1. d4 Nf6 2. c4 g6 3. Nc3 Bg7 4. e4 d6 5. h3 O-O 6. Bg5 Nbd7 7. Nf3 e5 8. d5 h6
9. Be3 Nc5 10. Nd2 a5 11. g4 g5 12. Be2 c6 13. h4 Nh7 14. hxg5 hxg5 15. Nf1
cxd5 16. cxd5 Bd7 17. Ng3 a4 18. Qd2 f6 19. Nf5 Be8 20. Bxc5 dxc5 21. Bc4 Bf7
22. Qd3 1-0

[Event "Paracin 2018"]
[Site "Paracin, Hotel Petrus"]
[Date "2018.07.07"]
[Round "2.47"]
[White "Martic, Ivan"]
[Black "Djokic, Slavoljub"]
[Result "1-0"]
[WhiteElo "2375"]
[BlackElo "2118"]
[PlyCount "93"]
[EventDate "2018.07.06"]

1. e4 c5 2. Nf3 d6 3. d4 cxd4 4. Nxd4 Nf6 5. Nc3 a6 6. Bg5 e6 7. f4 Be7 8. Qf3
Qc7 9. O-O-O Nbd7 10. g4 h6 11. Bxf6 Nxf6 12. h4 Bd7 13. g5 Ng8 14. Bh3 hxg5
15. hxg5 g6 16. Bxe6 Rxh1 17. Bxd7+ Qxd7 18. Rxh1 O-O-O 19. Nd5 Kb8 20. Qb3 Re8
21. Rh7 Qg4 22. Nc6+ Kc8 23. Qb6 Qd7 24. Ncxe7+ Nxe7 25. Nf6 Qd8 26. Qxd8+ Rxd8
27. Rxf7 Nc6 28. c3 Rh8 29. Rh7 Rxh7 30. Nxh7 Kd8 31. Kd2 Ke8 32. Ke3 Kf7 33.
Nf6 Ke6 34. b4 Na7 35. Nd5 Nc6 36. a4 Nb8 37. Nb6 Nc6 38. Kd3 Ke7 39. Kc4 Ke6
40. b5 Nd8 41. Kb4 axb5 42. axb5 Ke7 43. Nd5+ Ke8 44. Ka5 Ne6 45. Kb6 Nc5 46.
Kc7 Nxe4 47. Nf6+ 1-0

[Event "Paracin 2018"]
[Site "Paracin, Hotel Petrus"]
[Date "2018.07.07"]
[Round "2.48"]
[White "Olcum, Ahmet"]
[Black "Zlatanovic, Zoran"]
[Result "1-0"]
[WhiteElo "2316"]
[BlackElo "2108"]
[PlyCount "69"]
[EventDate "2018.07.06"]

1. e4 c5 2. Nc3 Nc6 3. g3 g6 4. Bg2 Bg7 5. d3 d6 6. Be3 e6 7. Qd2 Nd4 8. Nd1 h5
9. c3 Nc6 10. f4 h4 11. g4 b6 12. h3 d5 13. e5 g5 14. Nf3 gxf4 15. Bxf4 Nge7
16. O-O Ng6 17. Bg5 Qc7 18. d4 Ba6 19. Rf2 Rc8 20. b4 cxb4 21. cxb4 Bc4 22. Nb2
b5 23. Nd3 a5 24. a3 Qa7 25. Be3 axb4 26. Ng5 Rc7 27. Nxb4 Nxb4 28. Qxb4 Nxe5
29. Raf1 Nd3 30. Qd6 Rd7 31. Rxf7 Rxd6 32. Rxa7 Rg8 33. Rff7 Bh8 34. Rfe7+ Kd8
35. Nf7+ 1-0

[Event "Paracin 2018"]
[Site "Paracin, Hotel Petrus"]
[Date "2018.07.07"]
[Round "2.49"]
[White "Stankovic, Milos M"]
[Black "Milosevic, Milos"]
[Result "0-1"]
[WhiteElo "2100"]
[BlackElo "2315"]
[PlyCount "72"]
[EventDate "2018.07.06"]

1. d4 c5 2. d5 Nf6 3. Nc3 d6 4. e4 g6 5. Nf3 Bg7 6. Be2 O-O 7. O-O Na6 8. Nd2
Nc7 9. a4 Bd7 10. Nc4 b5 11. axb5 Nxb5 12. Nxb5 Bxb5 13. Na5 Bd7 14. f3 e6 15.
Bf4 Ne8 16. c3 e5 17. Be3 f5 18. b4 cxb4 19. cxb4 fxe4 20. fxe4 Rxf1+ 21. Qxf1
Qh4 22. Bf3 Bh6 23. Bf2 Qf4 24. b5 Nf6 25. Ra3 Bxb5 26. Qb1 Rc8 27. Nc6 Bxc6
28. dxc6 Rxc6 29. Qb8+ Bf8 30. Qb3+ d5 31. Be3 Rc1+ 32. Bd1 Qxe3+ 33. Qxe3
Rxd1+ 34. Kf2 Ng4+ 35. Ke2 Nxe3 36. Rxe3 Rd4 0-1

[Event "Paracin 2018"]
[Site "Paracin, Hotel Petrus"]
[Date "2018.07.07"]
[Round "2.50"]
[White "Jovanovic, Sasa T"]
[Black "Radojkovic, Stefan"]
[Result "1/2-1/2"]
[WhiteElo "2258"]
[BlackElo "2105"]
[PlyCount "69"]
[EventDate "2018.07.06"]

1. d4 Nf6 2. Nf3 e6 3. c4 d5 4. Nc3 Nbd7 5. Bg5 Be7 6. e3 O-O 7. cxd5 Nxd5 8.
Bxe7 Qxe7 9. Qb3 Nxc3 10. Qxc3 c6 11. Be2 Re8 12. O-O e5 13. Rad1 e4 14. Nd2
Nf6 15. Bc4 Be6 16. a3 Rad8 17. Bxe6 Qxe6 18. Qb3 Qe7 19. Nb1 Rd5 20. Nc3 Rh5
21. h3 Rd8 22. f3 Rd7 23. Nxe4 Nxe4 24. fxe4 Qxe4 25. Rf3 Rb5 26. Qc3 Qe6 27.
b4 a5 28. Rb1 g6 29. Rb2 axb4 30. Rxb4 Rdd5 31. a4 Rxb4 32. Qxb4 Rd7 33. Kf2
Qa2+ 34. Kg3 Qd5 35. Kf2 1/2-1/2

[Event "Paracin 2018"]
[Site "Paracin, Hotel Petrus"]
[Date "2018.07.07"]
[Round "2.51"]
[White "Ivic, Matija"]
[Black "Tarun, V Kanth"]
[Result "1-0"]
[WhiteElo "2245"]
[BlackElo "2086"]
[PlyCount "99"]
[EventDate "2018.07.06"]

1. Nf3 Nf6 2. c4 e6 3. g3 d5 4. Bg2 dxc4 5. Qa4+ Bd7 6. Qxc4 c5 7. Ne5 Qc8 8.
Nc3 Nc6 9. Nxd7 Qxd7 10. d3 Be7 11. O-O O-O 12. Bg5 b6 13. Rfd1 Rac8 14. a3 h6
15. Bf4 Rfd8 16. Rac1 Bd6 17. Bxd6 Qxd6 18. Qa6 Qd7 19. Nb5 Nb8 20. Qa4 Nd5 21.
Kf1 Nc7 22. Nc3 Qxa4 23. Nxa4 Nb5 24. e3 Kf8 25. Ke2 Ke7 26. Nc3 Nxc3+ 27. Rxc3
Rc7 28. b4 Rdc8 29. Rdc1 Kd6 30. b5 Nd7 31. f4 e5 32. Rc4 Re8 33. Bc6 Re7 34.
Kd2 Nf6 35. Bf3 Nd7 36. d4 exd4 37. exd4 Nb8 38. dxc5+ Rxc5 39. Rxc5 bxc5 40.
a4 Rc7 41. Kd3 g5 42. Kc4 Nd7 43. a5 gxf4 44. gxf4 Rc8 45. Rd1+ Kc7 46. Bg4 Rd8
47. Rxd7+ Rxd7 48. Bxd7 Kxd7 49. Kxc5 Kc7 50. Kd5 1-0

[Event "Paracin 2018"]
[Site "Paracin, Hotel Petrus"]
[Date "2018.07.07"]
[Round "2.52"]
[White "Mitev, Valentin"]
[Black "Mijatovic, Dusan"]
[Result "1-0"]
[WhiteElo "2242"]
[BlackElo "2071"]
[PlyCount "95"]
[EventDate "2018.07.06"]

1. d4 Nf6 2. Bg5 e6 3. e4 d5 4. Nd2 c5 5. exd5 Qxd5 6. Bxf6 gxf6 7. Qf3 Qxf3 8.
Ngxf3 cxd4 9. Nxd4 a6 10. Nc4 Bc5 11. Nb3 Ba7 12. Be2 Nc6 13. O-O Ke7 14. Bf3
Bd7 15. Rad1 Rhd8 16. Rd2 Be8 17. Rfd1 Rxd2 18. Rxd2 Rd8 19. Rxd8 Nxd8 20. Nba5
b5 21. Nd2 Bb6 22. Nab3 Kd6 23. c4 bxc4 24. Nxc4+ Kc7 25. Nxb6 Kxb6 26. Nd2 Bc6
27. Bxc6 Kxc6 28. Ne4 f5 29. Nf6 h6 30. Ng8 h5 31. h4 Kd5 32. Nf6+ Ke5 33. Nxh5
Nc6 34. g3 a5 35. Nf4 a4 36. Ne2 Nb4 37. Nc3 f4 38. a3 Nc2 39. Nxa4 fxg3 40.
fxg3 Kf5 41. Nb6 e5 42. Kf2 Ke4 43. h5 Kf5 44. Nc4 Nd4 45. h6 Kf6 46. Nxe5 Nf5
47. Ng4+ Kg6 48. b4 1-0

[Event "Paracin 2018"]
[Site "Paracin, Hotel Petrus"]
[Date "2018.07.07"]
[Round "2.53"]
[White "Srdanovic, Jovana"]
[Black "Sahin, Ozgun"]
[Result "0-1"]
[WhiteElo "2064"]
[BlackElo "2231"]
[PlyCount "140"]
[EventDate "2018.07.06"]

1. e4 c5 2. Nf3 Nc6 3. Nc3 g6 4. Bc4 Bg7 5. O-O Nf6 6. d4 cxd4 7. Nxd4 O-O 8.
Nf3 d6 9. h3 Qa5 10. Re1 Qh5 11. Nh2 Qxd1 12. Rxd1 Nb4 13. Bb3 Be6 14. Nf3 Bxb3
15. cxb3 Rac8 16. a3 Nc6 17. b4 Nd7 18. Nd5 Rfe8 19. Rb1 Nde5 20. Nxe5 Nxe5 21.
Be3 b6 22. Bd4 Rc4 23. Kf1 Kf8 24. Ne3 Rc7 25. Ke2 Rec8 26. Bc3 b5 27. Rd5 a6
28. f3 Nc4 29. Bxg7+ Kxg7 30. Nxc4 Rxc4 31. Rbd1 Kf6 32. R1d2 Ke6 33. Ke3 f5
34. h4 fxe4 35. fxe4 Rf8 36. R5d4 Rc1 37. Rd1 Rc2 38. R1d2 Rfc8 39. g3 h6 40.
Rd5 R8c4 41. R5d3 Rc1 42. Re2 Rf1 43. Rdd2 g5 44. hxg5 hxg5 45. Rf2 Re1+ 46.
Rfe2 Rxe2+ 47. Rxe2 Ke5 48. Kf3 g4+ 49. Kf2 Rxe4 50. Rc2 Rc4 51. Re2+ Kf6 52.
Ke3 e5 53. Kd3 d5 54. Rf2+ Kg6 55. Rf8 e4+ 56. Ke3 Rc1 57. Rd8 Rd1 58. Rg8+ Kf6
59. Rb8 Ke6 60. Rg8 Rd3+ 61. Kf4 Rf3+ 62. Kxg4 Rf2 63. Re8+ Kd7 64. Re5 Kd6 65.
Re8 Rf6 66. Rd8+ Ke5 67. Rc8 e3 68. Rc1 d4 69. Kg5 Rf2 70. Kh5 e2 0-1

[Event "Paracin 2018"]
[Site "Paracin, Hotel Petrus"]
[Date "2018.07.07"]
[Round "2.54"]
[White "Isha, Sharma"]
[Black "Olson, Hamish"]
[Result "1/2-1/2"]
[WhiteElo "2062"]
[BlackElo "2229"]
[PlyCount "46"]
[EventDate "2018.07.06"]

1. e4 e5 2. Nf3 Nc6 3. Bc4 Nf6 4. d3 Be7 5. O-O O-O 6. a4 a5 7. Re1 d6 8. c3
Be6 9. Nbd2 Nd7 10. d4 exd4 11. cxd4 Bxc4 12. Nxc4 d5 13. exd5 Nb4 14. d6 Bxd6
15. Nxd6 cxd6 16. Bg5 Qb6 17. Re7 Nb8 18. d5 N8a6 19. Ra3 Qc5 20. Rd7 Rfe8 21.
Rc3 Qxd5 22. Rxd6 Qxd1+ 23. Rxd1 f6 1/2-1/2

[Event "Paracin 2018"]
[Site "Paracin, Hotel Petrus"]
[Date "2018.07.07"]
[Round "2.55"]
[White "Vujacic, Borivoje"]
[Black "Bilic, Milanko"]
[Result "1-0"]
[WhiteElo "2213"]
[BlackElo "2066"]
[PlyCount "65"]
[EventDate "2018.07.06"]

1. e4 c5 2. Nf3 d6 3. d4 cxd4 4. Nxd4 Nf6 5. Nc3 a6 6. Be2 e6 7. O-O Be7 8. f4
Qc7 9. Be3 O-O 10. a4 Nc6 11. Kh1 Re8 12. Bf3 Nxd4 13. Qxd4 e5 14. Qd2 Be6 15.
a5 Rac8 16. Rfd1 Bg4 17. Bxg4 Nxg4 18. Nd5 Qxc2 19. Nxe7+ Rxe7 20. Rac1 Rec7
21. Rxc2 Rxc2 22. Qxd6 h6 23. Bg1 Rxb2 24. h3 Nf6 25. Qxe5 Re2 26. Qf5 Re8 27.
e5 Ne4 28. Qg4 Re6 29. Kh2 Nc3 30. Qf3 Rc6 31. Rd3 Rc2 32. Rd8+ Kh7 33. Qd3+
1-0

[Event "Paracin 2018"]
[Site "Paracin, Hotel Petrus"]
[Date "2018.07.07"]
[Round "2.56"]
[White "Ashid, Tsetseg-Ulzii"]
[Black "Petrov, Georgi"]
[Result "1-0"]
[WhiteElo "2055"]
[BlackElo "2213"]
[PlyCount "83"]
[EventDate "2018.07.06"]

1. e4 c5 2. Nf3 e6 3. d4 cxd4 4. Nxd4 Nf6 5. Nc3 d6 6. g4 Be7 7. g5 Nfd7 8. h4
Nc6 9. Be3 a6 10. Qd2 Qc7 11. O-O-O b5 12. f3 Nb6 13. Nxc6 Qxc6 14. Qd4 Qc5 15.
b4 Qxd4 16. Bxd4 Nc4 17. Bxg7 Rg8 18. Bd4 d5 19. exd5 Bxb4 20. Bxc4 bxc4 21.
Ne4 Ba3+ 22. Kd2 Ke7 23. d6+ Kf8 24. Nf6 Bxd6 25. Nxg8 Kxg8 26. Ke2 Bb7 27. Bf6
Bd5 28. c3 Kf8 29. h5 Be7 30. Bxe7+ Kxe7 31. Rb1 Kd6 32. Rhg1 Ke5 33. Ke3 Kf5
34. Rb6 a5 35. f4 Rd8 36. Ra6 f6 37. gxf6 Kxf6 38. Ra1 a4 39. Rxa4 Rg8 40. Ra7
Rg3+ 41. Kd4 Bf3 42. Rxh7 1-0

[Event "Paracin 2018"]
[Site "Paracin, Hotel Petrus"]
[Date "2018.07.07"]
[Round "2.57"]
[White "Winkelman, Albert"]
[Black "Stojanovic, Sreten"]
[Result "1-0"]
[WhiteElo "2210"]
[BlackElo "2060"]
[PlyCount "85"]
[EventDate "2018.07.06"]

1. e4 e5 2. Nf3 Nc6 3. Bb5 Nd4 4. Nxd4 exd4 5. d3 Qf6 6. O-O c6 7. Bc4 d6 8. f4
Be6 9. Nd2 h5 10. Nf3 Bg4 11. Qe1 Bxf3 12. Rxf3 Nh6 13. Bd2 O-O-O 14. Bb3 Re8
15. c3 Kb8 16. Qf2 c5 17. Qe1 g6 18. Bd5 Nf5 19. Qd1 Ne7 20. Bc4 Nc6 21. Qb3
Rh7 22. Bd5 Rc8 23. Kh1 Qe7 24. Bxc6 Rxc6 25. cxd4 cxd4 26. Rc1 Rxc1+ 27. Bxc1
Qc7 28. Bd2 Bh6 29. Rf1 Qd7 30. Qd5 Bf8 31. Rc1 h4 32. h3 Qe6 33. Qxd4 f6 34.
Be3 b6 35. a4 Rd7 36. a5 d5 37. axb6 Qxb6 38. Qc3 Qd8 39. exd5 Rxd5 40. Qc6 a5
41. Bb6 Qd7 42. Bc7+ Kc8 43. Qa8# 1-0

[Event "Paracin 2018"]
[Site "Paracin, Hotel Petrus"]
[Date "2018.07.07"]
[Round "2.58"]
[White "Radovic, Stefan"]
[Black "Sahil, Tickoo"]
[Result "1/2-1/2"]
[WhiteElo "2045"]
[BlackElo "2202"]
[PlyCount "52"]
[EventDate "2018.07.06"]

1. d4 Nf6 2. c4 e6 3. Nc3 d5 4. Nf3 Be7 5. Bf4 O-O 6. e3 b6 7. cxd5 Nxd5 8.
Nxd5 exd5 9. Be2 Bb4+ 10. Nd2 Bd6 11. Bg3 Bb7 12. O-O Bxg3 13. hxg3 Nd7 14. b4
c6 15. a3 a5 16. Nb3 axb4 17. axb4 Qe7 18. Qd2 Qd6 19. Rfc1 Nf6 20. Bd3 Rxa1
21. Rxa1 Ra8 22. Rxa8+ Bxa8 23. Qa2 Qb8 24. Nd2 Bb7 25. Nf3 Qa8 26. Qxa8+ Bxa8
1/2-1/2

[Event "Paracin 2018"]
[Site "Paracin, Hotel Petrus"]
[Date "2018.07.07"]
[Round "2.59"]
[White "Trifunovic, Miroljub"]
[Black "Zhukov, Anton"]
[Result "1-0"]
[WhiteElo "2198"]
[BlackElo "2046"]
[PlyCount "119"]
[EventDate "2018.07.06"]

1. d4 Nf6 2. Nf3 g6 3. g3 Bg7 4. Bg2 O-O 5. O-O d6 6. h3 Nbd7 7. d5 e5 8. dxe6
fxe6 9. Nd4 Nc5 10. Nc3 e5 11. Nb3 Ne6 12. e4 a5 13. a4 b6 14. Be3 Bb7 15. Nd5
Qd7 16. c3 Nc5 17. Nxc5 bxc5 18. Nxf6+ Bxf6 19. Qb3+ Kg7 20. Qxb7 Rfb8 21. Qd5
c6 22. Qd2 Rb7 23. Rab1 Rab8 24. Rfd1 Rd8 25. Bh6+ Kf7 26. Bg5 Bxg5 27. Qxg5
Rdb8 28. Rd2 Qe6 29. Kh2 Kg7 30. Rbd1 Rd7 31. Qe3 Rbd8 32. Qd3 Qb3 33. Qc2 Qe6
34. c4 Rb7 35. b3 Qf6 36. Rd3 Rf7 37. R1d2 Qe7 38. Qc3 Rf6 39. Qxa5 Rdf8 40. f3
Rb8 41. Qc3 Rb7 42. Qa1 Qc7 43. Qd1 Qb6 44. Rxd6 Qxb3 45. Rd7+ Rf7 46. Rxf7+
Kxf7 47. Rd7+ Kg8 48. Rd8+ Kg7 49. Qd6 Rf7 50. Qxe5+ Kh6 51. Qxc5 Qxa4 52. Qe3+
Kg7 53. Qd4+ Kh6 54. e5 Qa3 55. e6 Re7 56. Rd7 Qb4 57. Qh4+ Kg7 58. Qxe7+ Qxe7
59. Rxe7+ Kg8 60. f4 1-0